<?xml version="1.0" encoding="UTF-8"?><?xml-stylesheet type="text/xsl" href="static/style.xsl"?><OAI-PMH xmlns="http://www.openarchives.org/OAI/2.0/" xmlns:xsi="http://www.w3.org/2001/XMLSchema-instance" xsi:schemaLocation="http://www.openarchives.org/OAI/2.0/ http://www.openarchives.org/OAI/2.0/OAI-PMH.xsd"><responseDate>2026-04-18T01:18:44Z</responseDate><request verb="GetRecord" identifier="oai:www.recercat.cat:10459.1/64750" metadataPrefix="marc">https://recercat.cat/oai/request</request><GetRecord><record><header><identifier>oai:recercat.cat:10459.1/64750</identifier><datestamp>2024-12-05T22:26:07Z</datestamp><setSpec>com_2072_3622</setSpec><setSpec>col_2072_479130</setSpec></header><metadata><record xmlns="http://www.loc.gov/MARC21/slim" xmlns:dcterms="http://purl.org/dc/terms/" xmlns:xsi="http://www.w3.org/2001/XMLSchema-instance" xmlns:doc="http://www.lyncode.com/xoai" xsi:schemaLocation="http://www.loc.gov/MARC21/slim http://www.loc.gov/standards/marcxml/schema/MARC21slim.xsd">
   <leader>00925njm 22002777a 4500</leader>
   <datafield ind2=" " ind1=" " tag="042">
      <subfield code="a">dc</subfield>
   </datafield>
   <datafield ind2=" " ind1=" " tag="720">
      <subfield code="a">Bretón, Víctor</subfield>
      <subfield code="e">author</subfield>
   </datafield>
   <datafield ind2=" " ind1=" " tag="260">
      <subfield code="c">2018-09-21T17:22:46Z</subfield>
   </datafield>
   <datafield ind2=" " ind1=" " tag="260">
      <subfield code="c">2018-09-21T17:22:46Z</subfield>
   </datafield>
   <datafield ind2=" " ind1=" " tag="260">
      <subfield code="c">2018-04</subfield>
   </datafield>
   <datafield ind2=" " ind1=" " tag="260">
      <subfield code="c">2018-09-21T17:22:46Z</subfield>
   </datafield>
   <datafield ind2=" " ind1=" " tag="520">
      <subfield code="a">En el marco de las transformaciones estructurales experimentadas en los Andes durante el último tercio del siglo XX, este texto se interpela sobre la naturaleza de la relación versátil entre esos cambios, las estrategias desplegadas por los grupos subalternos indígenas y el manejo de la identidad étnica como elemento potencialmente activable en el combate por el reconocimiento, la integración selectiva y el acceso a recursos. En medio de una investigación de largo aliento en la provincia de Chimborazo, el artículo explora algunas líneas de reflexión abiertas sobre las que se sugieren varias hipótesis de trabajo. La primera de esas líneas incide en considerar las vías de liquidación del régimen terrateniente y sus implicaciones en el condicionamiento de las formas que adoptaron los liderazgos campesinos e indígenas, así como el conjunto de la configuración del mundo pos-reformista resultante de esos procesos. Ello implica retomar y actualizar los viejos debates sobre la comunidad andina, contrastando las visiones esencialistas al uso y aportando, a partir de las especificidades chimboracenses, argumentos a una discusión de marcado alcance regional. Lo dicho nos ubica, en tercer lugar, frente a la plasticidad de los procesos de politización de la etnicidad y la reconfiguración de genuinas estructuras de poder e intermediación en el mundo indígena, particularmente tras la reforma agraria, la apertura limitada de las espoletas de la movilidad social y la generación de formas inéditas de interlocución con el Estado y, en general, con todas las instancias que conllevó la ampliación del espacio social derivado del avance de la globalización.</subfield>
   </datafield>
   <datafield ind1="8" ind2=" " tag="024">
      <subfield code="a">http://hdl.handle.net/10459.1/64750</subfield>
   </datafield>
   <datafield tag="653" ind2=" " ind1=" ">
      <subfield code="a">Ecuador</subfield>
   </datafield>
   <datafield tag="653" ind2=" " ind1=" ">
      <subfield code="a">Desarrollo rural</subfield>
   </datafield>
   <datafield tag="653" ind2=" " ind1=" ">
      <subfield code="a">Estudios rurales</subfield>
   </datafield>
   <datafield tag="653" ind2=" " ind1=" ">
      <subfield code="a">Reforma agraria</subfield>
   </datafield>
   <datafield tag="653" ind2=" " ind1=" ">
      <subfield code="a">Movimientos sociales</subfield>
   </datafield>
   <datafield tag="653" ind2=" " ind1=" ">
      <subfield code="a">Equador</subfield>
   </datafield>
   <datafield tag="653" ind2=" " ind1=" ">
      <subfield code="a">Desenvolupament rural</subfield>
   </datafield>
   <datafield tag="653" ind2=" " ind1=" ">
      <subfield code="a">Reforma agrària</subfield>
   </datafield>
   <datafield tag="653" ind2=" " ind1=" ">
      <subfield code="a">Moviments socials</subfield>
   </datafield>
   <datafield tag="653" ind2=" " ind1=" ">
      <subfield code="a">Ecuador</subfield>
   </datafield>
   <datafield tag="653" ind2=" " ind1=" ">
      <subfield code="a">Rural development</subfield>
   </datafield>
   <datafield tag="653" ind2=" " ind1=" ">
      <subfield code="a">Agrarian reform</subfield>
   </datafield>
   <datafield tag="653" ind2=" " ind1=" ">
      <subfield code="a">Social movements</subfield>
   </datafield>
   <datafield ind2="0" ind1="0" tag="245">
      <subfield code="a">La comunidad andina revisitada: Cuestión agraria y cuestión indígena en Chimborazo</subfield>
   </datafield>
</record></metadata></record></GetRecord></OAI-PMH>